<?xml version="1.0" encoding="UTF-8"?><marc:collection xmlns:marc="http://www.loc.gov/MARC21/slim">
  <marc:record>
    <marc:leader>00000nam##2200000za#4500</marc:leader>
    <marc:controlfield tag="001">9.680649</marc:controlfield>
    <marc:controlfield tag="003">CaOODSP</marc:controlfield>
    <marc:controlfield tag="005">20200330064511</marc:controlfield>
    <marc:controlfield tag="007">ta</marc:controlfield>
    <marc:controlfield tag="008">150407|1998||||xxc|||||     f|0| 0 fre|d</marc:controlfield>
    <marc:datafield tag="020" ind1=" " ind2=" ">
      <marc:subfield code="a">0-662-83417-8</marc:subfield>
    </marc:datafield>
    <marc:datafield tag="040" ind1=" " ind2=" ">
      <marc:subfield code="a">CaOODSP</marc:subfield>
      <marc:subfield code="b">fre</marc:subfield>
    </marc:datafield>
    <marc:datafield tag="043" ind1=" " ind2=" ">
      <marc:subfield code="a">n-cn---</marc:subfield>
    </marc:datafield>
    <marc:datafield tag="086" ind1="1" ind2=" ">
      <marc:subfield code="a">RG79-4/1-1998F</marc:subfield>
    </marc:datafield>
    <marc:datafield tag="110" ind1="1" ind2=" ">
      <marc:subfield code="a">Canada. </marc:subfield>
      <marc:subfield code="b">Conseil d'examen du prix des médicaments brevetés.</marc:subfield>
    </marc:datafield>
    <marc:datafield tag="245" ind1="1" ind2="3">
      <marc:subfield code="a">Le guide pour la prochaine décennie : </marc:subfield>
      <marc:subfield code="b">rapport sur la consultation du CEPMB </marc:subfield>
    </marc:datafield>
    <marc:datafield tag="260" ind1=" " ind2=" ">
      <marc:subfield code="a">Ottawa - Ontario : </marc:subfield>
      <marc:subfield code="b">Conseil d'examen du prix des médicaments brevetés </marc:subfield>
      <marc:subfield code="c">1998.</marc:subfield>
    </marc:datafield>
    <marc:datafield tag="300" ind1=" " ind2=" ">
      <marc:subfield code="a">38p. en pagination multiple. : </marc:subfield>
      <marc:subfield code="b">graphiques, tableaux ; </marc:subfield>
      <marc:subfield code="c">28 cm.</marc:subfield>
    </marc:datafield>
    <marc:datafield tag="500" ind1=" " ind2=" ">
      <marc:subfield code="a">Sommaire: Message du Conseil.--Contexte.--Ce qu'ont dit les intervenants au sujet de la politique pharmaceutique du Canada et le mandat du CEPMB.--Ce qu'ont dit les intervenants au sujet de la façon dont le Conseil exercice son mandat.--Plan d'action sur le suivi à donner aux commentaires et aux suggestions des intervenants.--Conclusion.--Annexes. Accompagné de: Faits saillants.--Politique de consultation.--Programme de recherche du CEPMB: 1998-2000.--Série d'études du CEPMB S-9811: Tendances des prix des médicaments brevetés.--Série d'études du CEPMB S-9812: Vérification des prix des médicaments brevetés pratiqués à l'étranger.--Prix aux États-Unis: formulaire du département des Anciens combattants.--Processus d'examen des prix: aperçu préliminaire des questions d'intérêt.--Prix des médicaments de la catégorie 3: Aperçu préliminaire des questions d'intérêt.--Avis et commentaires: Réglementation des prix des médicaments brevetés pour usage vétérinaire.</marc:subfield>
    </marc:datafield>
    <marc:datafield tag="590" ind1=" " ind2=" ">
      <marc:subfield code="a">99-01</marc:subfield>
      <marc:subfield code="b">1999-01-08</marc:subfield>
    </marc:datafield>
    <marc:datafield tag="691" ind1="0" ind2="7">
      <marc:subfield code="a">Médicament</marc:subfield>
      <marc:subfield code="2">gcpds</marc:subfield>
    </marc:datafield>
    <marc:datafield tag="691" ind1="0" ind2="7">
      <marc:subfield code="a">Brevet</marc:subfield>
      <marc:subfield code="2">gcpds</marc:subfield>
    </marc:datafield>
    <marc:datafield tag="691" ind1="0" ind2="7">
      <marc:subfield code="a">Prix</marc:subfield>
      <marc:subfield code="2">gcpds</marc:subfield>
    </marc:datafield>
    <marc:datafield tag="775" ind1="0" ind2="8">
      <marc:subfield code="t">Road map for the next decade : </marc:subfield>
      <marc:subfield code="w">(CaOODSP)9.647224</marc:subfield>
    </marc:datafield>
    <marc:datafield tag="776" ind1="0" ind2="#">
      <marc:subfield code="t">Le guide pour la prochaine décennie : </marc:subfield>
      <marc:subfield code="w">(CaOODSP)9.642399</marc:subfield>
    </marc:datafield>
  </marc:record>
</marc:collection>
